KOHA-Header-6

Students' Role In The Pakistan Movement (Record no. 7378)

000 -LEADER
fixed length control field 00270nam a2200109Ia 4500
100 ## - MAIN ENTRY--AUTHOR NAME
Personal name Mukhtar Zaman
245 #0 - TITLE STATEMENT
Title Students' Role In The Pakistan Movement
260 ## - PUBLICATION, DISTRIBUTION, ETC. (IMPRINT)
Place of publication USA
Name of publisher McGraw-Hill
Year of publication 1978
300 ## - PHYSICAL DESCRIPTION
Number of Pages 244
942 ## - ADDED ENTRY ELEMENTS (KOHA)
Koha item type Books
Holdings
Withdrawn status Lost status Collection code Permanent Location Current Location Shelving location Date acquired Full call number Accession Number Koha item type
    English Literature MAJU MAJU Shelf No.A13 2019-09-12 891.43 1235 English Literature

Powered by Koha